000 00452nam a2200157 i 4500
001 145797
003 ES-MaACL
005 20230906201322.0
007 t|
008 071017s1965 sp ||||1| spa d
100 1 _aVerger, Andrés.
_9114093
245 1 0 _aRosas en la noche /
_cAndrés Verger.
260 _aPalma de Mallorca :
_b[s.n.],
_c1965 (
_fGráf. Miramar)
300 _a80 p., 4 h. de lám ;
_c20 cm.
852 _aES-MaACL
_jC-30792
_bR.57651
999 _c145797
_d145797